| 000 | 00841cam a2200181 4500 | ||
|---|---|---|---|
| 001 | WB3704-36 | ||
| 008 | 000000n2001 000 0 eng u | ||
| 035 | _a(Sirsi) u110545 | ||
| 245 | _aMobile phone masts | ||
| 260 | _c2001 | ||
| 490 |
_aFinancial Times _v 23 January 2001, 3 |
||
| 490 |
_aYorkshire Post _v 23 January 2001, 14(2) |
||
| 520 | _aTwo articles looking at mobile phone masts. Kent CC has refused to allow masts on any council property, causing a major setback to the mobile phone industry's plans to install more masts to support internet networks. The second article looks at the mobile phone operators plans to increase the number of masts around the country and at the health scares surrounding mobile phones. | ||
| 590 | _aWB | ||
| 650 | _aMOBILE PHONE MASTS | ||
| 690 | _aTRANSPORT AND COMMUNICATIONS | ||
| 942 | _n0 | ||
| 999 |
_c65900 _d65900 |
||